| 000 | 003830000a22001570004500 | ||
|---|---|---|---|
| 003 | MACL | ||
| 040 | _aMACL | ||
| 090 |
_c45227 _d45225 |
||
| 100 | _aGupta, Dr. RK | ||
| 245 |
_aInorganic Chemistry _bFor IIT JEEand Other Engineering Examinations |
||
| 260 | _bArihant Prakashan,Meerut | ||
| 350 | _a470 | ||
| 650 | _aEngineering | ||
| 942 |
_cBOOK _k546/GUP |
||
| 951 | _o546/GUP BOOK | ||
| 999 |
_c44762 _d44762 |
||